| 000 | 01321nam a2200361 a 4500 | ||
|---|---|---|---|
| 001 | 000115038 | ||
| 003 | CHAP | ||
| 005 | 20220329144511.0 | ||
| 008 | 180907s2018 mx a |sm |||||||spa d | ||
| 010 | _a111499 | ||
| 011 | _a112471 | ||
| 040 | _cCHAP | ||
| 090 | _aTesis | ||
| 100 | 1 |
_aBernabé Bahena, Manuel. _9135443 |
|
| 245 | 1 | 0 |
_aEvaluación de los ciclos de selección de la población tropical resistente a sequia y otras variedades de maíz _h[En línea] _cpor Manuel Bernabé Bahena. |
| 260 |
_aChapingo, Méx. : _bEl autor, _c2018. |
||
| 500 | _aPara ver el contenido del material haga clic en la liga | ||
| 502 | _aTesis (Ing. Agr. Fitotecnista) -- Colegio Superior Agropecuario del Estado de Guerrero | ||
| 590 |
_aBATCH-UPD _b05 _c20180907 _lUCH01 _h1333 |
||
| 590 |
_aBATCH _b00 _c20181121 _lUCH01 _h0759 |
||
| 590 |
_aE6339RRR _b05 _c20180907 _lUCH01 _h1332 |
||
| 590 |
_aE6339RRR _b05 _c20180907 _lUCH01 _h1338 |
||
| 590 |
_aE6339RRR _b05 _c20180907 _lUCH01 _h1339 |
||
| 650 | 1 | 4 |
_aMaíz _xRendimiento. _971051 |
| 650 | 1 | 4 |
_aMaíz _xResistencia a sequía. _971053 |
| 650 | 1 | 4 |
_aMaíz _xSelección. _971057 |
| 650 | 1 | 4 |
_aMaíz _xVariedades. _971081 |
| 856 |
_a1 _n0000945 |
||
| 856 |
_aFinding aid _uhttp://10.13.5.2/tesis/sist115038.pdf _zTeclea aquí |
||
| 901 | _aBK | ||
| 942 | _cTESIS | ||
| 942 | _n0 | ||
| 999 |
_c111499 _d111499 |
||